| 000 | 00641nam a2200241Ia 4500 | ||
|---|---|---|---|
| 003 | OSt | ||
| 005 | 20220918214736.0 | ||
| 006 | a|||||r|||| 00| 0 | ||
| 007 | ta | ||
| 008 | 220917b |||||||| |||| 00| 0 eng d | ||
| 024 | _a138,772 | ||
| 037 | _cTextual | ||
| 040 |
_aARTS _cARTS _beng |
||
| 041 |
_2eng _aeng |
||
| 082 | _aY:49(Q).2.N3, N3 | ||
| 100 |
_aGautam Meena _9132386 |
||
| 245 | 0 | _aCommunalism and Indian politics 1928-35 | |
| 260 |
_aDelhi _bPragati _c1993 |
||
| 300 |
_axiv, 250p. _ccm. |
||
| 650 | _aSOCIOLOGY | ||
| 942 |
_hY:49(Q).2.N3, N3 _cTEXL _2CC |
||
| 999 |
_c261822 _d261822 |
||